Operasyon Partisi (Record no. 10687)

MARC details
000 -BAŞLIK
Sabit Uzunlukta Kontrol Alanı 00919na a2200301 4500
001 - KONTROL NUMARASI
Denetim Alanı 24126
003 - KONTROL NUMARASI IDENTIFIER
Denetim Alanı MIRAKIL
005 - SON İŞLEM TARİHİ VE ZAMANI
Denetim Alanı 20181213155330.0
008 - SABİT-BOY VERİ ELEMANLARI - GENEL BİLGİLER
Sabit Uzunlukta Kontrol Alanı 180601b tu 000 0
020 ## - ULUSLARARASI STANDART KİTAP NUMARASI
Uluslararası Standart Kitap Numarası 9786054455461
040 ## - KATALOGLAMA KAYNAK
Orijinal Kataloglama Ajansı Milas
Kataloglama Dili tur
Metne Dönüştürmek Ajansı TR-AnCHP
041 ## - DİL KODU
Metin / Ses Parça Veya Ayrı Başlığın Dil Kodu tur
082 ## - DEWEY ONLU SINIFLANDIRMA NUMARASI
Sınıflandırma Numarası 324.2561082
Ürün Numarası Y25o 2011
090 ## - SINIFLAMA NUMARASI
Sınıflama Numarası 324.2561082 Y25o 2011
100 ## - ANA GİRİŞ - KİŞİSEL İSİM
Kişisel Ad Yanardağ, Merdan
245 ## - BAŞLIK TABLOSU
Başlık Operasyon Partisi
Başlığın Kalan Bir ABD projesi olarak AKP
Sorumluluk Tablosu, Vb Merdan Yanardağ
246 ## - UNVAN FORM VARYING
Başlık Doğru / Kısa Başlığı Bir ABD projesi olarak AKP
260 ## - YAYIN, DAĞITIM, VB
Yayın, Dağıtım, Vb Yeri İstanbul
Yayıncı, Dağıtıcı, Vs Adı Destek Yayınları
Yayın, Dağıtım, Vb Tarihi 2011
300 ## - FİZİKSEL TANIM
Kapsam 172 s.
Boyutlar 21 sm.
440 ## - SERİSİ TABLOSU / KATMA GİRİŞİ - BAŞLIK
Başlık Destek yayınevi
Hacim / Ardışık Tanımı 144
490 ## - SERİSİ TABLOSU
Seri Beyanı Araştırma-İnceleme
Hacim / Ardışık Tanımı 47
500 ## - GENEL NOT
Genel Not Yapıt yazarından imzalıdır.
610 ## - KONU KATMA GİRİŞ - TOPLANTI ADI
Giriş Elemanı Olarak Kurumsal Ad Veya Yargı Alanı Adı Adalet ve Kalkınma Partisi (AKP)
650 ## - KONU KATMA GİRİŞ - TOPİKAL DÖNEM
Topikal Süreli Veya Coğrafi Ad Giriş Elemanı Siyasal partiler
Genel Alt Bölümü AKP
650 ## - KONU KATMA GİRİŞ - TOPİKAL DÖNEM
Topikal Süreli Veya Coğrafi Ad Giriş Elemanı Siyaset ve yönetim
Genel Alt Bölümü Türkiye
Kronolojik Alt Bölümü 2002-
740 ## - KATMA GİRİŞ - KONTROLSUZ İLGİLİ / ANALİTİK BAŞLIK
Kontrol Edilmeyen / İlgili Analitik Başlıktaki Bir ABD projesi olarak AKP
942 ## - EKLENDİ GİRİŞ ELEMANLARI (KOHA)
Sınıflandırma Veya Raf Düzeni Kaynak Dewey Decimal Classification
Koha Öğesi Türü Books
999 ## - SİSTEM KONTROL NUMARALARI (KOHA)
Koha Biblionumber 10687
Koha Biblioitemnumber 10687
Holdings
Kalıcı Konum Mevcut Konum Edinme Tarihi Edinim Kaynak Toplam Check-Out'Lar Tam Çağrı Numarası Barkod Tarih Son Görülme İtibaren Geçerli Fiyatlar Koha Öğesi Türü
CHP Kütüphanesi CHP Kütüphanesi 06/01/2018 Bağış   324.2561082 Y25o 2011 018163 06/01/2018 06/01/2018 Books